[Event "Niedersachsen-ch op"]
[Site "Verden"]
[Date "2007.01.07"]
[Round "7"]
[White "Knies, Jonas"]
[Black "Sinding, Hans Georg"]
[Result "0-1"]
[WhiteElo "1450"]
[BlackElo "1656"]
[PlyCount "136"]
[EventDate "2007.01.04"]
[EventType "swiss"]
[EventRounds "7"]
[EventCountry "GER"]
[SourceTitle "EXT 2021"]
[Source "ChessBase"]
[SourceDate "2020.10.23"]
[SourceVersion "1"]
[SourceVersionDate "2020.10.23"]
[SourceQuality "1"]

1. e4 c5 2. Nf3 Nc6 3. d4 cxd4 4. Nxd4 g6 5. Nc3 Bg7 6. Be3 Nf6 7. f3 0-0 8. Qd2 d5 9. exd5 Nxd5 10. Nxd5 Qxd5 11. Nxc6 Qxc6 12. 0-0-0 Be6 13. Bd3 Bxa2 14. Be4 Qa4 15. Bd4 Be6 16. c3 Qa1+ 17. Kc2 Qa4+ 18. Kc1 Bb3 19. Bxg7 Qa1+ 20. Bb1 Kxg7 21. Qd4+ Kg8 22. Rd2 e6 23. Qb4 Bd5 24. Rhd1 a5 25. Qa3 Qxa3 26. bxa3 Rac8 27. Kb2 Rc7 28. Rc1 Rfc8 29. Rdc2 b5 30. Ba2 Bxa2 31. Kxa2 b4 32. axb4 axb4 33. c4 Rc5 34. Kb3 Rb8 35. Ra1 Kf8 36. Ra4 Ke7 37. Rxb4 Rbc8 38. Rb5 Kd6 39. Rb7 R8c7 40. Rxc7 Rxc7 41. Kc3 Kc5 42. Rb2 e5 43. Rb5+ Kd6 44. Kb4 f5 45. Rb6+ Rc6 46. c5+ Kd5 47. Rxc6 Kxc6 48. Kc4 g5 49. g3 h5 50. h3 e4 51. Kd4 exf3 52. Ke3 f2 53. Kxf2 Kxc5 54. Ke3 Kd5 55. Kf3 Ke5 56. g4 hxg4+ 57. hxg4 f4 58. Kf2 Kd4 59. Ke2 Kc3 60. Ke1 Kd3 61. Kf2 Kd2 62. Kf3 Ke1 63. Ke4 Ke2 64. Kf5 f3 65. Kxg5 f2 66. Kh6 f1Q 67. g5 Qf8+ 68. Kh7 Qf7+ 0-1

[Event "Niedersachsen-ch op"]
[Site "Verden"]
[Date "2007.01.05"]
[Round "6"]
[White "Sinding, Hans Georg"]
[Black "Oehne, Ingo"]
[Result "0-1"]
[WhiteElo "1656"]
[BlackElo "1862"]
[PlyCount "82"]
[EventDate "2007.01.04"]
[EventType "swiss"]
[EventRounds "7"]
[EventCountry "GER"]
[SourceTitle "EXT 2021"]
[Source "ChessBase"]
[SourceDate "2020.10.23"]
[SourceVersion "1"]
[SourceVersionDate "2020.10.23"]
[SourceQuality "1"]

1. c4 e5 2. Nc3 f6 3. e4 g6 4. d4 d6 5. dxe5 dxe5 6. Qxd8+ Kxd8 7. Be3 c6 8. a3 Be6 9. Bd3 Nh6 10. h3 Nf7 11. Nge2 Nd7 12. b4 Nd6 13. c5 Nc4 14. Bxc4 Bxc4 15. 0-0 g5 16. Rfd1 Kc7 17. Ng3 h5 18. Nf5 g4 19. h4 Be6 20. Ng3 Rh7 21. Rdc1 Rd8 22. Rd1 Nb8 23. Rxd8 Kxd8 24. Rd1+ Kc7 25. Rd2 Nd7 26. Kf1 b6 27. cxb6+ axb6 28. Ke1 Kb7 29. Rb2 b5 30. a4 Nb6 31. Bxb6 Kxb6 32. a5+ Ka6 33. Nf5 Rd7 34. Ke2 Bc4+ 35. Ke1 Rd3 36. Na2 Rb3 37. Rxb3 Bxb3 38. Nc1 Bxb4+ 39. Ke2 Bc4+ 40. Nd3 Kxa5 41. Ng3 Bf7 0-1

[Event "Niedersachsen-ch op"]
[Site "Verden"]
[Date "2007.01.05"]
[Round "3"]
[White "Tenninger, Joerg"]
[Black "Sinding, Hans Georg"]
[Result "0-1"]
[WhiteElo "1574"]
[BlackElo "1656"]
[PlyCount "60"]
[EventDate "2007.01.04"]
[EventType "swiss"]
[EventRounds "7"]
[EventCountry "GER"]
[SourceTitle "EXT 2021"]
[Source "ChessBase"]
[SourceDate "2020.10.23"]
[SourceVersion "1"]
[SourceVersionDate "2020.10.23"]
[SourceQuality "1"]

1. d4 Nf6 2. Nf3 g6 3. c4 Bg7 4. e3 0-0 5. Be2 d6 6. 0-0 Na6 7. a3 c5 8. d5 Nc7 9. Nc3 Bd7 10. Qc2 Rb8 11. a4 e6 12. e4 exd5 13. exd5 Re8 14. h3 Na6 15. Nb5 Bxb5 16. axb5 Nb4 17. Qd1 a5 18. bxa6 bxa6 19. Ra4 Nd7 20. b3 Nb6 21. Ra3 a5 22. Qd2 Nd7 23. Bb2 Nf6 24. Re1 Rb7 25. Qd1 Rbe7 26. Kf1 Qd7 27. Rxa5 Qf5 28. Ng1 Nc2 29. Bc1 Nxe1 30. Kxe1 Ne4 0-1

[Event "Niedersachsen-ch op"]
[Site "Verden"]
[Date "2007.01.04"]
[Round "1"]
[White "Hoellmann, Ludger"]
[Black "Sinding, Hans Georg"]
[Result "1-0"]
[WhiteElo "2093"]
[BlackElo "1656"]
[PlyCount "55"]
[EventDate "2007.01.04"]
[EventType "swiss"]
[EventRounds "7"]
[EventCountry "GER"]
[SourceTitle "EXT 2021"]
[Source "ChessBase"]
[SourceDate "2020.10.23"]
[SourceVersion "1"]
[SourceVersionDate "2020.10.23"]
[SourceQuality "1"]

1. c4 Nf6 2. g3 d5 3. cxd5 Nxd5 4. Bg2 g6 5. Nc3 Nxc3 6. bxc3 Bg7 7. Nf3 0-0 8. 0-0 e5 9. Qc2 Nc6 10. d3 h6 11. Rb1 Rb8 12. Rd1 Bg4 13. h3 Bxf3 14. Bxf3 Kh7 15. Be3 Qd7 16. Kh2 a6 17. Bg2 f5 18. Qa4 f4 19. Bc5 fxg3+ 20. fxg3 Rfe8 21. Rxb7 Rxb7 22. Bxc6 Qf5 23. Bxb7 Rd8 24. Be4 Qh5 25. Rf1 Qxe2+ 26. Rf2 Qe1 27. Qc6 Rb8 28. Qxg6+ 1-0